Sports Quiz

Random Sports or Basketball Quiz

Purdue Men's Basketball NCAA Tournament Losses Quiz Stats

 Plays Quiz not verified by Sporcle

Score 0/27 Timer 07:00
0 Plays Today
Year Team % Correct
2012Kansas
94.3%
2010Duke
94.3%
1997Kansas
94.3%
1994Duke
94.3%
1980UCLA
77.1%
1969UCLA
77.1%
2007Florida
74.3%
1987Florida
74.3%
2000Wisconsin
72.9%
2014Cincinnati
71.4%
2003Texas
68.6%
1990Texas
68.6%
2009Connecticut
65.7%
1977North Carolina
65.7%
Year Team % Correct
2011Virginia Commonwealth
62.9%
2008Xavier
54.3%
1988Kansas State
54.3%
1986LSU
52.9%
1996Georgia
51.4%
1998Stanford
48.6%
1995Memphis
47.1%
1984Memphis
47.1%
1983Arkansas
42.9%
1999Temple
34.3%
1991Temple
34.3%
1985Auburn
34.3%
1993Rhode Island
31.4%

You're not logged in!

Compare scores with friends on all Sporcle quizzes.
OR
Log In

Show Comments

Extras

Top Quizzes Today


Score Distribution

Your Account Isn't Verified!

In order to create a playlist on Sporcle, you need to verify the email address you used during registration. Go to your Sporcle Settings to finish the process.

Report this User

Report this user for behavior that violates our Community Guidelines.

Details: